Gun for sale : an entertainment (Record no. 1746)

MARC details
000 -LEADER
fixed length control field 00308nam a2200109 4500
082 ## - DEWEY DECIMAL CLASSIFICATION NUMBER
Classification number 823.912
Item number GRE
100 ## - MAIN ENTRY--PERSONAL NAME
Personal name Greene, Graham
245 ## - TITLE STATEMENT
Title Gun for sale : an entertainment
Statement of responsibility, etc. Graham Greene
260 ## - PUBLICATION, DISTRIBUTION, ETC.
Place of publication, distribution, etc. Harmondsworth ,Eng
Name of publisher, distributor, etc. Penguin Books
Date of publication, distribution, etc. 1963 [reprinted 1968]
300 ## - PHYSICAL DESCRIPTION
Extent 189p.; 18cm.
490 ## - SERIES STATEMENT
Series statement Penguin books
Holdings
Withdrawn status Lost status Damaged status Not for loan Collection code Home library Current library Date acquired Total Checkouts Full call number Barcode Date last seen Price effective from Koha item type Copy number
        ACADEMIC STAFF COLLEGE North Eastern Hill University North Eastern Hill University 18/11/2011   823.912 GRE 1537 18/11/2011 18/11/2011 Books  
        ENGLISH North Eastern Hill University North Eastern Hill University 18/11/2011   823.912 GRE A1056 18/11/2011 18/11/2011 Books ;1